Top 50 filmes dirigidos por mulheres - Statistics

Estatísticas Gerais
  • Esse quiz foi jogado 40 vezes
  • A pontuação média é 4 de 50
Estatísticas das Respostas
# Ano Diretora Resposta % Correto
8 2023 Greta Gerwig Barbie
79%
18 2019 Greta Gerwig Adoráveis Mulheres
53%
11 1999 Irmãs Wachowski Matrix
41%
2 2019 Céline Sciamma Retrato de uma Jovem em Chamas
29%
1 2002 Kátia Lund Cidade de Deus
24%
4 2023 Celine Song Past Lives
24%
9 1962 Agnès Varda Cléo das 5 às 7
15%
29 2015 Anna Muylaert Que Horas Ela Volta?
15%
3 1977 Larisa Shepitko A Ascensão
12%
6 2022 Charlotte Wells Aftersun
12%
7 1975 Chantal Akerman Jeanne Dielman
9%
13 2007 Marjane Satrapi Persépolis
9%
44 2023 Justine Triet Anatomy of a Fall
6%
49 2017 Chloé Zhao Domando o Destino
6%
23 2021 Céline Sciamma Pequena Mamãe
6%
5 2000 Béla Tarr A Harmonia Werckmeister
3%
19 1999 Claire Denis Bom Trabalho
3%
12 2011 Béla Tarr O Cavalo de Turim
3%
25 1985 Agnès Varda Os Renegados
3%
36 2001 Vicky Jenson Shrek
3%
47 2014 Momoko Ando 0.5 mm
0%
27 2019 Lulu Wang A Despedida
0%
38 2017 Nora Twomey A Ganha-Pão
0%
45 1973 Lina Wertmüller Amor e Anarquia
0%
24 1965 Agnès Varda As Duas Faces da Felicidade
0%
41 1966 Věra Chytilová As Pequenas Margaridas
0%
15 2016 Naoko Yamada A Voz do Silêncio
0%
22 2018 Nadine Labaki Cafarnaum
0%
31 2018 Kim Bora Casa de Beija-Flor
0%
17 2015 Deniz Gamze Ergüven Cinco Graças
0%
34 2016 Shouko Nakamura Colegas de Classe
0%
28 1955 Kinuyo Tanaka Forever a Woman
0%
20 1991 Agnès Varda Jacquot de Nantes
0%
32 2011 Naoko Yamada K-On! O Filme
0%
35 1976 Elaine May Mikey e Nicky
0%
16 1990 Cynthia Scott Na Companhia de Estranhos
0%
30 1971 Suzanne Schiffman Não me Toque
0%
48 2020 Eliza Hittman Nunca, Raramente, Às Vezes, Sempre
0%
40 2014 Ronit Elkabetz O Julgamento de Viviane Amsalem
0%
37 1999 Lynne Ramsay O Lixo e o Sonho
0%
26 1978 Chantal Akerman Os Encontros de Anna
0%
46 2011 Dee Rees Pária
0%
14 2006 Valerie Faris Pequena Miss Sunshine
0%
50 2018 Yim Soon-rye Pequeno Bosque
0%
39 2018 René Liu Pérolas no Mar
0%
10 2020 Jasmila Žbanić Quo Vadis, Aida?
0%
21 2019 Jonni Phillips The Final Exit of the Disciples of Ascensia
0%
43 1996 Cheryl Dunye The Watermelon Woman
0%
42 2016 Yoon Ga-eun The World of Us
0%
33 1977 Agnès Varda Uma Canta, a Outra Não
0%
Nenhum quiz correspondente encontrado
Distribuição das Pontuações
Porcentagem de Pessoas com Cada Pontuação
Percentil de Números Respondidos
Sua Pontuação Histórica
Você não jogou esse quiz